Climate change and global food security
Sparad:
| Materialtyp: | Bok |
|---|---|
| Språk: | Undetermined |
| Publicerad: |
Boca Raton
Taylor & Francis Group
2005
|
| Ämnen: | |
| Taggar: |
Lägg till en tagg
Inga taggar, Lägg till första taggen!
|
| Thư viện lưu trữ: | Trung tâm Học liệu Trường Đại học Cần Thơ |
|---|
| LEADER | 00541nam a2200181Ia 4500 | ||
|---|---|---|---|
| 001 | CTU_100134 | ||
| 008 | 210402s9999 xx 000 0 und d | ||
| 020 | |c 154.98 | ||
| 082 | |a 338.14 | ||
| 082 | |b C641 | ||
| 245 | 0 | |a Climate change and global food security | |
| 245 | 0 | |c Edited by Rattal Lal ... [et al.] | |
| 260 | |a Boca Raton | ||
| 260 | |b Taylor & Francis Group | ||
| 260 | |c 2005 | ||
| 650 | |a Climate changes,Crops and climate,Crop yields,Food supply | ||
| 904 | |i Giang | ||
| 980 | |a Trung tâm Học liệu Trường Đại học Cần Thơ | ||